MDQL
is popping MORE tags! Check the
thread
!
Quizzes
Events
Quiz Creation
Community
Videos
Private Events
Remove Ads
Sign In
Join for FREE
Feedback
Dark Mode
Quiz Categories
Sports
Geography
Music
Movies
Television
Just For Fun
Miscellaneous
History
Literature
Language
Science
Gaming
Entertainment
Religion
Holiday
For Kids
Quiz Lab
Recent
Popular Today
Quiz Kudos Today
Editor Picks
Curator Picks
Quizzes by...
Day
Popularity
Type
Ratings
Length
Year
Community
Subscriptions
Recent Discussions
Orange Saloon
Badges
Playlists
Quests
Create
Leaderboards
Showdown
Live 5
Trivia Bingo
Activity
Puzzle Library
Sporcle Events
Private Events
Virtual Trivia
Globe League
Become a Host
Pub Owners
SporcleCon
Opinionation
Our Games
Videos
Blog
Mobile Apps
Partnerships
Remove Ads and Go Orange
Feedback
Miscellaneous
Crossword
General Knowledge
Baby Names
Logo
Food
Cars
Numbers
Grab Bag
University
College
Popular
Company
Slogans
Restaurants
Justice
Letter
Miscellaneous
Crossword
General Knowledge
Baby Names
Logo
Food
Cars
Numbers
Grab Bag
University
College
Popular
Company
Slogans
Restaurants
Justice
Letter
Random Quiz
Search Sporcle
×
Quiz Lab
Quiz Lab
Miscellaneous
University
Type in answers that appear in a list
Type in answers that appear in a list
Classic
Best Score? Go Orange.
US Universities with a Publishing Press Stats
Can you name the US universities that have their own publishing press in the Association of American University Press?
By
jonesjeffum
10m
80 Questions
139 Plays
139 Plays
139 Plays
Comments
Comments
Give Quiz Kudos
Give Quiz Kudos
-
- Ratings
hide this ad
Replay
Link that replays current quiz
Next Quiz
Link to next quiz in quiz playlist
You Got
0%
They Got
Avg Score
59%
Avg Friend Score
Upgrade to see
Score Distribution
Jump to the score distribution portion of the page
Score
0/80
Timer
10:00
0
Plays Today
% Correct
Harvard University
94.2%
Yale University
94.2%
University of California
92.1%
Ohio University
91.4%
University of Texas
91.4%
University of North Carolina
89.9%
Stanford University
89.9%
University of Washington
89.2%
Duke University
88.5%
University of Pennsylvania
88.5%
University of Michigan
87.8%
University of Alabama
86.3%
Princeton University
86.3%
University of Georgia
85.6%
Columbia University
84.9%
University of Tennessee
84.9%
University of Virginia
84.2%
University of Chicago
83.5%
University of Minnesota
83.5%
University of Illinois
82.7%
Indiana University
82.7%
University of Wisconsin
81.3%
Cornell University
80.6%
University of Arizona
79.1%
Georgetown University
79.1%
MIT
79.1%
New York University
77.7%
University of Iowa
77%
Louisiana State University
77%
University of Oklahoma
77%
University of South Carolina
77%
Penn State University
76.3%
University of Arkansas
74.8%
Michigan State University
74.8%
Northwestern University
74.8%
University of Nebraska
74.1%
University of Notre Dame
72.7%
University of Utah
72.7%
Vanderbilt University
72.7%
University of New Mexico
71.9%
% Correct
University of Missouri
71.2%
University of Pittsburgh
69.8%
Texas A&M University
68.3%
University of Hawaii
66.9%
University of Nevada
64.7%
Purdue University
61.9%
Rutgers University
61.9%
Texas Tech University
59%
West Virginia University
59%
Johns Hopkins University
58.3%
University of Alaska
57.6%
Oregon State University
57.6%
Syracuse University
55.4%
Washington State University
54.7%
Baylor University
52.5%
Southern Methodist University
48.2%
TCU
46.8%
Carnegie Mellon University
41.7%
Temple University
40.3%
Marquette University
37.4%
Fordham University
36%
Utah State University
36%
University of Massachusetts
35.3%
State University of New York
34.5%
University of Akron
28.8%
University of Rochester
28.1%
Kent State University
20.1%
Catholic University of America
17.3%
University of North Texas
12.9%
Saint Joseph's University
12.9%
RIT
12.2%
Southern Illinois University
11.5%
Northern Illinois University
10.8%
Wayne State University
10.8%
Duquesne University
10.1%
Wesleyan University
9.4%
Mercer University
5.8%
Abilene Christian University
4.3%
Gallaudet University
4.3%
Rockefeller University
3.6%
Quiz Playlist
Details
Report
Send in Message
Add To Playlist
Classic:
Type in answers that appear in a list
Quiz Source
Last Updated: Feb 16, 2017
Quiz Scoreboard
CHALLENGE
Sign Up to Join the Scoreboard
Show All
Scores
Hide
Comments
May contain spoilers
Recently Published
Colored Red Africa Blitz
by spor1
Geography
30s
Find the 'City' Movie
by crazypaving
Movies
60s
5x2 Blitz: Bands
by SL_Kpop136
Music
30s
More to Explore
Quiz From the Vault
Featured Blog Post
14 Easter Pick-up Lines to Find Eggs With
hide this ad
You Might Also Like...
Tags
University Quiz
America
American University
association
Own
press
Publishing
Today's Top Quizzes in Miscellaneous
Browse Miscellaneous
hide this ad
Today's Top Quizzes in University
Browse University
Top Contributed Quizzes in Miscellaneous
1
5-to-1: Fast Food
2
The JOE quick-fire general knowledge quiz: Day 174
3
9x9 Crossword: Disney Movie Titles
4
9x9 Crossword: Charlie and the Chocolate Factory
5
9x9 Crossword: Pixar Movie Titles
6
9x9 Crossword: Flags
7
9x9 Crossword: 2022 Movies
8
9x9 Crossword: Nickelodeon
9
9x9 Crossword: Actors
10
9x9 Crossword: Halloween
Explore More
Trending Topics
Crossword
Marvel
Disney
Kpop
Harry Potter
Anime
NBA
Song
WWE
Pokémon
Puzzle
Soccer
The Office
NFL
Country
hide this ad
More By:
jonesjeffum
Quiz
Plays
Rating
Category
Featured
Created
NBA Players by Face
1,637,494
4.55
Sports
Feb 17, 2011
NBA Playoffs Statistical Leaders
405,290
4.54
Sports
Apr 16, 2010
City by Landmark Photo
375,323
4.08
Geography
May 5, 2010
Sports Logo Silhouettes
303,580
4.19
Sports
Jan 24, 2013
Sightseeing in North America
275,407
3.76
Geography
May 3, 2010
Go to Creator's Profile
Score Distribution
Quiz Creator Spotlight
jonesjeffum
Follow
Send a Message
Quizzes Created
-
Created Quiz Play Count
-
More By This Creator
Popular Quizzes Today
1
Find the 'City' Movie
2
Colored Red Africa Blitz
3
Find the US States - No Outlines Minefield
4
5x2 Blitz: Bands
5
The Countries of the World
6
Find the US States
7
US States
8
9x9 Crossword: Cartoon Network
More Miscellaneous Quizzes
A Level Media Theorists
Quiz Lab
Trending Quizzes
Colored Red Europe Blitz I
Colored Red Africa Blitz II
Colored Red Europe Blitz II
Colored Red Africa Blitz III
Colored Red Europe Blitz III
Recently Updated
2024 March Madness Bracket
pecheneg
Famous TV Couples
Peacemaker
Champions League XIs: Real Madrid
pecheneg
Largest US Cities 1790-2010
pecheneg
Rides in Walt Disney World
pecheneg
Most Oscar Losses (Acting)
pecheneg
Beyoncé Albums
pecheneg
Leaping Animals
pecheneg
Reality TV Shows (A-Z)
bhenderson79
Rickey Henderson's Hall of Fame Teammates
pecheneg
Trending Topics
Crossword
Kpop
Harry Potter
NBA
Marvel
Anime
Disney
Puzzle
Soccer
Pokémon
NFL
The Office
Song
Country
WWE
Your Account Isn't Verified!
In order to create a playlist on Sporcle, you need to verify the email address you used during registration. Go to your
Sporcle Settings
to finish the process.
Report this User
Report this user for behavior that violates our
Community Guidelines
.
Details:
Send Report
Go to the Sporcle.com Mobile Site →
Comments